000 01025cam a2200193 4500
001 ABS65209
008 020304n2002 000 0 eng u
035 _a(Sirsi) u116955
100 _aBrodtman, M.
245 _aArticles of value
260 _c2002
490 _aEstates Gazette
_v(0206) 9 February 2002, 144-145(2)
520 _aReports that RICS appointed Sir Brian Carsberg to report on areas of concern in the valuation industry highlighted by recent research. The "Carsberg report" makes eighteen recommendations encouraging the active participation of the RICS in developing research, providing guidance and revised procedures, and monitoring the outcome, which should benefit the whole property industry.This will minimise the risks of valuersα objectivity being compromised and ensure that public confidence in the system is maintained.
590 _aABS
650 _aCARSBERG REPORT
650 _aRICS APPRAISAL AND VALUATION MANUAL
690 _aPROPERTY-PROPERTY APPRAISAL AND VALUATION
942 _n0
999 _c69660
_d69660